Classical & Romantic Music Test - Statistics

General Stats
  • This quiz has been taken 226 times
    220 since last reset
  • The average score is 19 of 30
Answer Stats
Hint Answer % Correct
Wolfgang Amadeus Mozart
98%
Composer of The Four Seasons Antonio Vivaldi
95%
3 greatest composers of the Classic Era Ludwig van Beethoven
92%
Franz Liszt
88%
Two virtuoso pianists of the Romantic Era Frédéric Chopin
88%
Pyotr Ilyich Tchaikovsky
88%
Brass
87%
Four groups of instruments in a classic symphonic orchestra Strings
87%
Joseph Haydn
85%
Percussion
84%
Composer of Peer Gynt Suite Edvard Grieg
80%
Two Russian composers of Romeo & Juliet Sergei Prokofiev
76%
Composer of Symphony No. 8 in B minor, Unfinished Franz Schubert
73%
Woodwinds
70%
Composer of A Midsummer Night's Dream Felix Mendelssohn
68%
Composer of Symphonie Fantastique Hector Berlioz
64%
Composer of Einleitung of Also Sprach Zarathustra Richard Strauss
64%
Virtuoso Pianist of the Romantic Era Sergei Rachmaninoff
60%
Composer of Slavonic Dances Antonín Dvořák
55%
Composer of The Flying Dutchman, Inventor of 'leitmotiv' Richard Wagner
53%
Composer of Madame Butterfly Giacomo Puccini
52%
The four parts of a symphony Allegro
50%
Adagio
40%
Composer of The Song of the Earth Gustav Mahler
40%
Composer of L'Arlésienne Georges Bizet
34%
Finale
31%
Minuet
29%
Composer of Sicilienne Gabriel Fauré
23%
Composer of Russian Easter Overture Nikolaj Rimski-Korsakov
14%
Composer of Invitation to the Dance Carl Maria von Weber
12%
No matching quizzes found
Score Distribution
Percent of People with Each Score
Percentile by Number Answered
Your Score History
You have not taken this quiz since the last reset